| 000 | 00390nam a2200145 a 4500 | ||
|---|---|---|---|
| 001 | 3251 | ||
| 003 | CDMR | ||
| 005 | 20130116135241.0 | ||
| 008 | 130130s2008||||||||||||||||||||||||||||d | ||
| 040 |
_aCDMR _bcat _cCPC GIRONA |
||
| 100 | 1 |
_aCamps, Eudald _92351 |
|
| 245 | 1 | 0 |
_aProjeccions interior amb artista _cCamps, Eudald , Iglésias, Pep |
| 260 |
_c2008 _bFundació Caixa Girona |
||
| 942 | _cMON | ||
| 999 |
_c3251 _d3251 |
||